Countries with 5 Letters - Statistics

General Stats
  • This quiz has been taken 35 times
    11 since last reset
  • The average score is 17 of 24
Answer Stats
Continent Answer % Correct
Asia China
91%
Africa Egypt
91%
North America Haiti
91%
Europe Italy
82%
Asia Nepal
82%
Asia Yemen
82%
Africa Benin
73%
Africa Ghana
73%
Asia India
73%
Asia Japan
73%
Africa Kenya
73%
Europe Malta
73%
Africa Niger
73%
Asia Qatar
73%
Oceania Samoa
73%
Asia Syria
73%
Africa Gabon
64%
Africa Libya
64%
Oceania Palau
64%
Europe Spain
64%
Oceania Tonga
64%
Oceania Nauru
55%
Africa Sudan
55%
Africa Chile
45%
No matching quizzes found
Score Distribution
Percent of People with Each Score
Percentile by Number Answered
Your Score History
You have not taken this quiz since the last reset